| 000 | 00969nam a2200289Ia 4500 | ||
|---|---|---|---|
| 001 | Para_5980 | ||
| 003 | CHAP | ||
| 008 | 220125s1990 xx 000 0 und d | ||
| 010 | _a204323 | ||
| 040 | _cCHAP | ||
| 090 | _aPA TESIS 544 | ||
| 100 |
_aJiménez Gómez, René _961534 |
||
| 245 |
_aIdentificación de plagas insectiles del tomate de cáscara (Physalis ixocarpa Brot) en Chapingo / _c por René Jiménez Gómez |
||
| 260 |
_aChapingo, Méx. : _b el autor |
||
| 300 | _a73 h. | ||
| 502 | _aTesis (Ing. Agr. Esp. en Parasitología Agrícola) -- UACh. Departamento Parasitología Agrícola | ||
| 650 |
_aTomate verde _x Chapingo, Méx. _9170251 |
||
| 650 |
_aTomate verde _x plagas _9113827 |
||
| 710 |
_aUACh. Departamento Parasitología Agrícola _9164025 |
||
| 901 | _aPA TESIS 544 | ||
| 902 | _aA | ||
| 905 | _a0000001990 a 0000000000 00 | ||
| 910 | _a1990 | ||
| 942 | _cPARA | ||
| 942 |
_cPARA _d1 |
||
| 999 |
_c204323 _d204323 |
||